| 000 | 00706nam a22002177a 4500 | ||
|---|---|---|---|
| 003 | 0 | ||
| 005 | 20250429123645.0 | ||
| 008 | 250429b xxu||||| |||| 00| 0 eng d | ||
| 020 | _a978-621-427-148-1 | ||
| 050 |
_aHF 5415.2 _b.M993 2024 |
||
| 100 | _aMutya, Ruby Alminar F. | ||
| 245 |
_aUnderstanding marketing research _cRuby F. Alminar-Mutya |
||
| 260 |
_aManila _bUnlimited Books Library Services & Publishing Inc. _cc2024 |
||
| 300 |
_ax, 255 pages ; _c26cm. |
||
| 504 | _aIncludes bibliographical references. | ||
| 650 | _aMarketing research. | ||
| 650 | _aMarketing research--Philippines. | ||
| 650 | _aConsumer behavior. | ||
| 650 | _aMarketing—Decision making. | ||
| 942 |
_2lcc _cBK |
||
| 999 |
_c367428 _d367428 |
||